000 00537nam a2200217Ia 4500
003 OSt
005 20221005114644.0
006 a|||||r|||| 00| 0
007 ta
008 221004b |||||||| |||| 00| 0 snd d
024 _a6805
037 _cTextual
040 _aCRL
_cCRL
_bsnd
041 _2snd
_asnd
082 _aO152,3N15,BJ, 1593H7
100 _aKeshwakant
_9626322
245 0 _aBaghi jawan
260 _c1947
942 _hO152,3N15,BJ, 1593H7
_cTEXL
_2cc
999 _c1032007
_d1032007